000 01100nam a22002417a 4500
005 20240530110720.0
008 180321s2017 ua ak g 000 0dara d
017 _a2017/2238
_bمصر. دار الكتب
020 _a9789773805241
040 _aEG-CaGPL
082 0 4 _221
_a362.11 /
_bم إ
100 0 _aمحمد السيد البدوى الدسوقى طلحة
245 1 0 _aادارة المستشفيات والمراكز الطبية :
_bادارة وتطوير المستشفيات والمركز الطبية : التسويق للخدمات والمنتجات الطبية /
_c محمد السيد البدوى الدسوقي طلحة
260 _aالقاهرة :
_bدار العلوم للنشر والتوزيع ،
_c2017.
300 _a486 ص. :
_bايض ؛
_c24 سم.
504 _aببليوجرافية : ص 477: 481.
650 0 7 _aالمستشفيات
650 0 7 _aالمراكز الطبية
650 0 7 _aالمستشفيات
_xادارة
650 0 7 _aالمستشفيات
_xخدمات التغذية
942 _2ddc
_cBK
999 _c64219
_d64219